000 00584nam a22001937a 4500
003 NUST - PNEC
005 20170116180808.0
008 150424b xxu||||| |||| 00| 0 eng d
020 _a0873894596
040 _cLIBRARY
082 _a371.2009 SNY
100 _93173
_aSnyder, Karolyn J.
245 _aLiving on the edge of chaos : leading schools into the global age
_cKarolyn J.Snyder
250 _a-
260 _aUSA
_bAmerican Society for Quality
_cc2000.
300 _a367 p. :
_c22 cm.
650 _93174
_aSchool management and organization
_xMIS, General
942 _2ddc
_cBK
999 _c63284
_d63284